Bosnia and Herzegovina : Poverty Reduction Strategy Paper-Mid-Term Development Strategy-Joint Staff Assessment.

Bosnia and Herzegovina's Poverty Reduction Strategy paper reports that significant progress has been made since the late 1990s in building both a market economy and a single economic space. GDP growth has slowed recently following the post-conflict bounce, and the current account deficit of 18...

Full description

Bibliographic Details
Corporate Author: International Monetary Fund
Format: Journal
Language:English
Published: Washington, D.C. : International Monetary Fund, 2005.
Series:IMF Staff Country Reports; Country Report ; No. 2005/182
Online Access:Full text available on IMF
LEADER 01591cas a2200241 a 4500
001 AALejournalIMF003620
008 230101c9999 xx r poo 0 0eng d
020 |c 5.00 USD 
020 |z 9781451804881 
022 |a 1934-7685 
040 |a BD-DhAAL  |c BD-DhAAL 
110 2 |a International Monetary Fund. 
245 1 0 |a Bosnia and Herzegovina :   |b Poverty Reduction Strategy Paper-Mid-Term Development Strategy-Joint Staff Assessment. 
264 1 |a Washington, D.C. :  |b International Monetary Fund,  |c 2005. 
300 |a 1 online resource (17 pages) 
490 1 |a IMF Staff Country Reports 
500 |a <strong>Off-Campus Access:</strong> No User ID or Password Required 
500 |a <strong>On-Campus Access:</strong> No User ID or Password Required 
506 |a Electronic access restricted to authorized BRAC University faculty, staff and students 
520 3 |a Bosnia and Herzegovina's Poverty Reduction Strategy paper reports that significant progress has been made since the late 1990s in building both a market economy and a single economic space. GDP growth has slowed recently following the post-conflict bounce, and the current account deficit of 18 percent of GDP in 2003 is well above levels associated with external sustainability. The slowdown in GDP growth has occurred even though GDP had not recovered to pre-war levels at the end of 2003. 
538 |a Mode of access: Internet 
830 0 |a IMF Staff Country Reports; Country Report ;  |v No. 2005/182 
856 4 0 |z Full text available on IMF  |u http://elibrary.imf.org/view/journals/002/2005/182/002.2005.issue-182-en.xml  |z IMF e-Library